[Event "EU-ch (Women) 20th"]
[Site "Antalya"]
[Date "2019.04.18"]
[Round "7"]
[White "Oz, Irem Ezra"]
[Black "Chan, Naruna"]
[Result "1/2-1/2"]
[WhiteElo "1687"]
[BlackElo "2004"]
[PlyCount "120"]
[EventDate "2019.04.11"]
[EventType "swiss"]
[EventRounds "11"]
[EventCountry "TUR"]
[SourceTitle "CBM 190"]
[Source "ChessBase"]
[SourceDate "2019.06.30"]
[SourceVersion "1"]
[SourceVersionDate "2019.06.30"]
[SourceQuality "1"]

1. e4 c5 2. Nf3 Nc6 3. d4 cxd4 4. Nxd4 e5 5. Nb5 d6 6. N1c3 a6 7. Na3 Be6 8. Nc4 b5 9. Ne3 Nf6 10. a3 Be7 11. g3 0-0 12. Bg2 Rc8 13. 0-0 Nd4 14. Bd2 Nd7 15. Ne2 Bc4 16. Nxc4 Nxe2+ 17. Qxe2 Rxc4 18. Be3 Bg5 19. Rad1 Bxe3 20. Qxe3 Qc7 21. c3 Rc6 22. Bf3 Nb6 23. Be2 Rd8 24. f4 f6 25. fxe5 dxe5 26. Rxd8+ Qxd8 27. Rd1 Rd6 28. Rxd6 Qxd6 29. b4 Kf8 30. Kf2 Ke7 31. Ke1 Kd7 32. Qd2 Qxd2+ 33. Kxd2 Kc6 34. g4 Nc8 35. Bd3 Nd6 36. Ke3 Kd7 37. Kf3 g6 38. Ke3 Kc6 39. Kf3 Kd7 40. Ke3 Ke7 41. Kf3 Ke6 42. Bc2 f5 43. gxf5+ gxf5 44. exf5+ Nxf5 45. a4 h6 46. axb5 axb5 47. Bb3+ Kd6 48. Ke4 Ne7 49. c4 bxc4 50. Bxc4 Nc8 51. b5 Nb6 52. Be2 Nd7 53. Kf5 Nf8 54. Kf6 Ne6 55. b6 Nd4 56. Bd3 Kc6 57. Kxe5 Nf3+ 58. Kf4 Nxh2 59. Be2 Kxb6 60. Kg3 Kc5 1/2-1/2

[Event "EU-ch (Women) 20th"]
[Site "Antalya"]
[Date "2019.04.15"]
[Round "5"]
[White "Oz, Irem Ezra"]
[Black "Kusenkova, Natallia"]
[Result "0-1"]
[WhiteElo "1687"]
[BlackElo "2211"]
[PlyCount "156"]
[EventDate "2019.04.11"]
[EventType "swiss"]
[EventRounds "11"]
[EventCountry "TUR"]
[SourceTitle "CBM 190"]
[Source "ChessBase"]
[SourceDate "2019.06.30"]
[SourceVersion "1"]
[SourceVersionDate "2019.06.30"]
[SourceQuality "1"]

1. e4 e5 2. Nf3 Nc6 3. d4 exd4 4. Nxd4 Nf6 5. Nxc6 bxc6 6. Bd3 d5 7. exd5 cxd5 8. 0-0 Be7 9. Re1 0-0 10. h3 c5 11. b3 Bb7 12. Nd2 Bd6 13. Bb2 Bc7 14. Qf3 Qd6 15. Be5 Qc6 16. Bxf6 Qxf6 17. Qxf6 gxf6 18. Nf3 Rfe8 19. Bb5 Re6 20. Bd7 Rd6 21. Bf5 Ba5 22. Re7 Bc6 23. Rd1 Kf8 24. Re2 h6 25. a4 Rad8 26. Re3 Bb7 27. Nh2 Ba6 28. Nf1 d4 29. Rg3 Bc7 30. Bh7 Ke7 31. Re1+ Re6 32. Rxe6+ Kxe6 33. Rf3 Bb7 34. Rf5 Rh8 35. Rxc5 Kd6 36. Rc4 Rxh7 37. Rxd4+ Ke6 38. Rb4 Ba8 39. Rc4 Rg7 40. f3 Bb6+ 41. Kh2 Rg5 42. Rh4 Bc7+ 43. Kh1 Re5 44. Rc4 Kd7 45. Kg1 Re2 46. Rd4+ Ke7 47. Rc4 Bb6+ 48. Kh2 Bxf3 49. Kg3 Bxg2 50. Nh2 Bd5 51. Rc8 Rg2+ 52. Kf4 Rxh2 53. Rc3 Bd4 54. Rd3 Be5+ 55. Kg4 Be6+ 56. Kh4 Rxc2 57. Kh5 Rc3 58. Rxc3 Bxc3 59. Kxh6 Bxh3 60. Kh5 Be6 61. Kh4 Bxb3 62. Kg4 Bxa4 63. Kf4 Bb5 64. Ke4 a5 65. Kd5 a4 66. Kc5 a3 67. Kxb5 a2 68. Kc4 a1Q 69. Kd3 Qa4 70. Ke3 Ba5 71. Kd3 Kd6 72. Ke3 Ke5 73. Kd3 Qb3+ 74. Ke2 Ke4 75. Kf2 Qf3+ 76. Kg1 Qe2 77. Kh1 Kf3 78. Kg1 Qg2# 0-1

[Event "EU-ch (Women) 20th"]
[Site "Antalya"]
[Date "2019.04.12"]
[Round "2"]
[White "Hernandez Estevez, Yudania"]
[Black "Oz, Irem Ezra"]
[Result "1/2-1/2"]
[WhiteElo "2198"]
[BlackElo "1687"]
[PlyCount "103"]
[EventDate "2019.04.11"]
[EventType "swiss"]
[EventRounds "11"]
[EventCountry "TUR"]
[SourceTitle "CBM 190"]
[Source "ChessBase"]
[SourceDate "2019.06.30"]
[SourceVersion "1"]
[SourceVersionDate "2019.06.30"]
[SourceQuality "1"]

1. e4 c5 2. Nf3 e6 3. d4 cxd4 4. Nxd4 a6 5. Nc3 Qc7 6. Bd3 Nf6 7. 0-0 Bc5 8. Nb3 Be7 9. a4 b6 10. f4 d6 11. e5 Nfd7 12. exd6 Bxd6 13. Kh1 0-0 14. a5 Bb7 15. axb6 Nxb6 16. Na5 Bd5 17. Nxd5 exd5 18. b3 Bb4 19. Bb2 Bc3 20. Bxc3 Qxc3 21. Qh5 g6 22. Qh4 f5 23. Qe1 Qf6 24. c4 Nc6 25. cxd5 Nxa5 26. Rxa5 Kg7 27. Bc4 Rfe8 28. Qa1 Qxa1 29. Rfxa1 Re4 30. Rc5 a5 31. Rc7+ Kh6 32. Rc6 a4 33. g4 Nxc4 34. bxc4 Rxf4 35. gxf5 Rxf5 36. d6 a3 37. d7 Rd8 38. Rd6 Rf7 39. Rxa3 Rdxd7 40. Rxd7 Rxd7 41. Rc3 Kg5 42. Kg2 Kf4 43. c5 Ke5 44. Kf3 Kd4 45. Rc2 Rc7 46. c6 Kd5 47. Kf4 Rxc6 48. Rxc6 Kxc6 49. Ke5 Kd7 50. Kf6 Ke8 51. Kg7 h5 52. Kxg6 1/2-1/2

[Event "TUR-ch (Women)"]
[Site "Antalya"]
[Date "2019.03.09"]
[Round "9"]
[White "Kiziltas, Ece Su"]
[Black "Oz, Irem Ezra"]
[Result "0-1"]
[WhiteElo "1395"]
[BlackElo "1711"]
[PlyCount "116"]
[EventDate "2019.03.03"]
[EventType "swiss"]
[EventRounds "9"]
[EventCountry "TUR"]
[SourceTitle "CBM 189 Extra"]
[Source "ChessBase"]
[SourceDate "2019.06.03"]
[SourceVersion "1"]
[SourceVersionDate "2019.06.03"]
[SourceQuality "1"]

1. d4 d5 2. Nf3 Nf6 3. g3 Bf5 4. Bg2 e6 5. 0-0 Be7 6. c4 c6 7. Nc3 Nbd7 8. Nh4 Bg6 9. Nxg6 hxg6 10. Qb3 Qb6 11. c5 Qxb3 12. axb3 a6 13. Bf4 0-0 14. b4 Nh5 15. Bd2 e5 16. dxe5 Nxe5 17. b3 Nf6 18. f4 Ned7 19. Rfe1 Rfe8 20. Rad1 Rad8 21. Bc1 Nf8 22. Bb2 Ne6 23. e4 dxe4 24. Nxe4 Nxe4 25. Bxe4 Bf8 26. Bg2 Nc7 27. Kf2 a5 28. Bd4 Rxe1 29. Kxe1 axb4 30. Be3 Rxd1+ 31. Kxd1 Ne6 32. Kc2 Bxc5 33. Kd3 Bxe3 34. Kxe3 Nc5 35. Kd4 Nxb3+ 36. Kc4 Na5+ 37. Kc5 f5 38. Bf1 b3 39. Bd3 b2 40. Kb4 b6 41. Kc3 Kf7 42. Kxb2 Ke6 43. Kc3 Kd5 44. Bc2 c5 45. Bb1 b5 46. h3 b4+ 47. Kd3 c4+ 48. Kd2 Kd4 49. g4 c3+ 50. Kc1 b3 51. gxf5 c2 52. Bxc2 bxc2 53. Kxc2 gxf5 54. Kd2 Ke4 55. Ke2 Kxf4 56. Kf2 g5 57. Kg2 g4 58. hxg4 Kxg4 0-1

[Event "TUR-ch (Women)"]
[Site "Antalya"]
[Date "2019.03.07"]
[Round "7"]
[White "Sahin, Hayrun Nisa"]
[Black "Oz, Irem Ezra"]
[Result "1/2-1/2"]
[WhiteElo "1803"]
[BlackElo "1711"]
[PlyCount "81"]
[EventDate "2019.03.03"]
[EventType "swiss"]
[EventRounds "9"]
[EventCountry "TUR"]
[SourceTitle "CBM 189 Extra"]
[Source "ChessBase"]
[SourceDate "2019.06.03"]
[SourceVersion "1"]
[SourceVersionDate "2019.06.03"]
[SourceQuality "1"]

1. e4 c5 2. Nf3 e6 3. c3 Nf6 4. e5 Nd5 5. d4 cxd4 6. cxd4 d6 7. a3 Bd7 8. Bd3 Bc6 9. 0-0 Nd7 10. Nbd2 Be7 11. b4 a6 12. Re1 dxe5 13. dxe5 Nc3 14. Qb3 Rc8 15. Qxc3 Bxf3 16. Qb2 Nb6 17. Nxf3 Qxd3 18. Be3 Nc4 19. Qe2 Qxe2 20. Rxe2 Nxe3 21. Rxe3 0-0 22. Rd1 Rc7 23. Red3 Rfc8 24. Kf1 Kf8 25. Nd4 Ke8 26. Ke2 Rc3 27. f4 b6 28. Kd2 Rxd3+ 29. Kxd3 Rc7 30. Rb1 Kd8 31. g4 g6 32. g5 Bf8 33. h4 h5 34. b5 a5 35. Nc6+ Kc8 36. a4 Bc5 37. Ke2 Bf8 38. Rd1 Rd7 39. Rxd7 Kxd7 40. Nd4 Bc5 41. Nf3 1/2-1/2

[Event "TUR-ch (Women)"]
[Site "Antalya"]
[Date "2019.03.06"]
[Round "5"]
[White "Hereklioglu, Sude"]
[Black "Oz, Irem Ezra"]
[Result "1-0"]
[WhiteElo "1973"]
[BlackElo "1711"]
[PlyCount "129"]
[EventDate "2019.03.03"]
[EventType "swiss"]
[EventRounds "9"]
[EventCountry "TUR"]
[SourceTitle "CBM 189 Extra"]
[Source "ChessBase"]
[SourceDate "2019.06.03"]
[SourceVersion "1"]
[SourceVersionDate "2019.06.03"]
[SourceQuality "1"]

1. Nf3 d5 2. g3 Nf6 3. Bg2 c6 4. 0-0 Bf5 5. d4 e6 6. Nbd2 h6 7. c4 Be7 8. Ne5 0-0 9. c5 Nbd7 10. f4 Nxe5 11. fxe5 Ne4 12. Nxe4 Bxe4 13. Bxe4 dxe4 14. Be3 f5 15. Qb3 Qd7 16. Qc4 Qd5 17. Qxd5 exd5 18. b4 a6 19. a4 g5 20. Rab1 Kh7 21. b5 axb5 22. axb5 Kg6 23. bxc6 bxc6 24. Rb7 Rfe8 25. Rfb1 Rac8 26. Rd7 Bf8 27. Rbb7 Re6 28. Rb6 Ree8 29. Rxd5 Rc7 30. Rd6+ Bxd6 31. exd6 Rd7 32. Rxc6 Kf7 33. d5 Re5 34. Rc7 Ke8 35. Rc8+ Rd8 36. Rxd8+ Kxd8 37. c6 Rxd5 38. Bb6+ Ke8 39. d7+ Ke7 40. Kg2 Rd1 41. Kf2 Rd5 42. Ke1 f4 43. gxf4 gxf4 44. h3 h5 45. h4 e3 46. Kf1 Rd2 47. Bc7 Rd4 48. Kg2 Rd2 49. Kf3 Rd4 50. Bb6 Rd2 51. Kxf4 Rd5 52. Kxe3 Rd6 53. Bc5 Kd8 54. c7+ Kxc7 55. Bxd6+ Kxd7 56. Bb4 Ke6 57. Kf4 Kf6 58. e4 Kg6 59. e5 Kf7 60. Kf5 Kg7 61. e6 Kh7 62. e7 Kh6 63. e8Q Kh7 64. Qg6+ Kh8 65. Bc3# 1-0

[Event "Wch U12 Girls"]
[Site "Santiago de Compostela"]
[Date "2018.11.11"]
[Round "7"]
[White "Omonova, Umida"]
[Black "Oz, Irem Ezra"]
[Result "1-0"]
[WhiteElo "1854"]
[BlackElo "1564"]
[PlyCount "103"]
[EventDate "2018.11.04"]
[EventType "swiss"]
[EventRounds "11"]
[EventCountry "ESP"]
[SourceTitle "EXT 2022"]
[Source "ChessBase"]
[SourceDate "2021.10.06"]
[SourceVersion "1"]
[SourceVersionDate "2021.10.06"]
[SourceQuality "1"]

1. e4 c5 2. Nf3 e6 3. d4 cxd4 4. Nxd4 a6 5. Bd3 Bc5 6. Nb3 Ba7 7. Qe2 d6 8. Nc3 e5 9. 0-0 Ne7 10. Kh1 0-0 11. f4 exf4 12. Bxf4 Ng6 13. Bg3 Nc6 14. Bc4 Nge5 15. Bd5 Qc7 16. h3 Be6 17. Rad1 Rad8 18. Bh4 Rd7 19. Qh5 Qb8 20. Ne2 Bxd5 21. exd5 Ne7 22. Ned4 N7g6 23. Nf5 Nxh4 24. Qxh4 Ng6 25. Qg3 Qd8 26. Rde1 Re8 27. Rxe8+ Qxe8 28. Re1 Qd8 29. Qc3 Qf8 30. Re8 f6 31. Qc8 Rf7 32. Nxd6 Re7 33. Rxf8+ Nxf8 34. Qc3 Re3 35. Qd2 Re7 36. Nc8 Re8 37. Nxa7 Nd7 38. Qb4 b5 39. Nc5 Nxc5 40. Qxc5 Kf7 41. d6 Re5 42. Qc7+ Kg6 43. d7 Rd5 44. d8Q Rxd8 45. Qxd8 Kh5 46. Nc6 Kg6 47. Qe8+ Kg5 48. Nd4 Kh6 49. h4 g6 50. g4 Kg7 51. Ne6+ Kh6 52. Qf8# 1-0

[Event "EU-ch U12 Girls 28th"]
[Site "Riga"]
[Date "2018.08.21"]
[Round "2"]
[White "Gaal, Zsoka"]
[Black "Oz, Irem Ezra"]
[Result "1-0"]
[WhiteElo "2008"]
[BlackElo "1654"]
[PlyCount "165"]
[EventDate "2018.08.20"]
[EventType "swiss"]
[EventRounds "9"]
[EventCountry "LAT"]
[SourceTitle "CBM 186 Extra"]
[Source "ChessBase"]
[SourceDate "2018.08.24"]
[SourceVersion "1"]
[SourceVersionDate "2018.08.24"]
[SourceQuality "1"]

1. Nf3 d5 2. g3 Nf6 3. Bg2 Bf5 4. c4 c6 5. cxd5 Nxd5 6. 0-0 e6 7. d3 Bg6 8. Nc3 Be7 9. Bd2 0-0 10. Rc1 Nd7 11. Nxd5 exd5 12. Be3 Qa5 13. a3 Qb5 14. Nd4 Qa5 15. Qb3 Nc5 16. Qc2 Ne6 17. Nf3 Bf6 18. Bd2 Qb6 19. Bc3 Nd4 20. Nxd4 Bxd4 21. Bxd4 Qxd4 22. Qc3 Qb6 23. d4 Rfe8 24. e3 Rad8 25. b4 Be4 26. Rfd1 Bxg2 27. Kxg2 Rc8 28. Rd2 Qd8 29. Rdc2 a6 30. Qd3 Qd7 31. a4 Re6 32. Qf5 Rd6 33. Qxd7 Rxd7 34. b5 axb5 35. axb5 Rdc7 36. Rc5 Kf8 37. e4 dxe4 38. d5 Ke7 39. b6 Rd7 40. dxc6 Rxc6 41. Rxc6 bxc6 42. Ra1 Rd8 43. Rc1 Kd7 44. Rd1+ Ke7 45. Rc1 Rb8 46. Rxc6 Rb7 47. Rc4 f5 48. g4 g6 49. gxf5 gxf5 50. Rc6 Kd8 51. Rf6 Rg7+ 52. Kf1 Kc8 53. Rxf5 Kb7 54. Rf6 Rg6 55. Rxg6 hxg6 56. Ke2 Kxb6 57. Ke3 Kc6 58. Kxe4 Kd6 59. Kf4 Ke6 60. Kg5 Kf7 61. Kh6 Kf6 62. h4 Kf7 63. Kh7 Kf6 64. Kg8 Ke6 65. Kg7 Kf5 66. f4 Kxf4 67. Kxg6 Ke5 68. h5 Ke6 69. h6 Ke7 70. h7 Ke6 71. h8Q Kd5 72. Qf6 Ke4 73. Qf5+ Kd4 74. Kg5 Ke3 75. Qf4+ Ke2 76. Qg3 Kf1 77. Qh2 Ke1 78. Kf4 Kd1 79. Ke3 Kc1 80. Kd3 Kb1 81. Kc3 Ka1 82. Kb3 Kb1 83. Qh1# 1-0

[Event "Paracin Summer op-B 11th"]
[Site "Paracin"]
[Date "2018.07.06"]
[Round "1"]
[White "Oz, Irem Ezra"]
[Black "Zivanovic, Blagoje"]
[Result "1/2-1/2"]
[WhiteElo "1684"]
[BlackElo "2061"]
[PlyCount "69"]
[EventDate "2018.07.06"]
[EventType "swiss"]
[EventRounds "9"]
[EventCountry "SRB"]
[SourceTitle "EXT 2019"]
[Source "ChessBase"]
[SourceDate "2018.10.10"]
[SourceVersion "1"]
[SourceVersionDate "2018.10.10"]
[SourceQuality "1"]

1. e4 e5 2. Nf3 Nf6 3. d4 Nxe4 4. Bd3 d5 5. Nxe5 Bd6 6. Bxe4 dxe4 7. Nc4 0-0 8. Nxd6 Qxd6 9. 0-0 Qg6 10. Kh1 f5 11. Bf4 Qf7 12. f3 b6 13. fxe4 Bb7 14. Nd2 Qg6 15. Be3 Nd7 16. Qe2 fxe4 17. Rxf8+ Kxf8 18. Rf1+ Nf6 19. Qc4 Qf7 20. Qxf7+ Kxf7 21. c4 Kg6 22. Rf4 Re8 23. g4 h5 24. h3 hxg4 25. hxg4 Bc8 26. g5 Ng4 27. Nf1 Re7 28. Kg2 Nxe3+ 29. Nxe3 Kxg5 30. Kg3 c6 31. d5 cxd5 32. cxd5 g6 33. d6 Re6 34. b3 Bd7 35. a4 1/2-1/2

[Event "TUR-ch (Women)"]
[Site "Antalya"]
[Date "2018.03.07"]
[Round "5"]
[White "Oz, Irem Ezra"]
[Black "Dirican, Feride"]
[Result "1-0"]
[WhiteElo "1712"]
[BlackElo "1197"]
[PlyCount "137"]
[EventDate "2018.03.05"]
[EventType "swiss"]
[EventRounds "9"]
[EventCountry "TUR"]
[SourceTitle "CBM 183 Extra"]
[Source "ChessBase"]
[SourceDate "2018.04.19"]
[SourceVersion "1"]
[SourceVersionDate "2018.04.19"]
[SourceQuality "1"]

1. e4 c5 2. Nf3 g6 3. d4 cxd4 4. Nxd4 Nc6 5. Nc3 Bg7 6. Nb3 Nf6 7. Be2 d6 8. 0-0 0-0 9. Bg5 h6 10. Bh4 Bd7 11. Kh1 Rc8 12. f4 Kh8 13. Bf3 Nh7 14. Re1 Re8 15. Rb1 Be6 16. a3 Nf6 17. Nd5 Bxd5 18. exd5 Nb8 19. Bf2 Nbd7 20. Qd2 Nb6 21. Na5 Qc7 22. c3 Ra8 23. Rbd1 Nc4 24. Nxc4 Qxc4 25. Bd4 Qc7 26. f5 gxf5 27. Bxf6 exf6 28. Qf4 Qd7 29. Re2 Re5 30. Rde1 Rae8 31. h3 Rg8 32. Re3 a6 33. c4 b6 34. Bd1 Bf8 35. Bc2 Rg5 36. Rf1 Bg7 37. Bd1 Bf8 38. Rff3 Qc8 39. Kh2 Qd7 40. Bc2 Qc8 41. Rg3 Qc5 42. b4 Qc8 43. h4 Rg6 44. Ref3 Rxg3 45. Kxg3 Bg7 46. Bxf5 Qg8 47. Kh2 Qe8 48. Rg3 Qf8 49. h5 Qe8 50. Qg4 Qf8 51. a4 Re8 52. a5 bxa5 53. bxa5 Rb8 54. c5 dxc5 55. d6 Rd8 56. d7 Qg8 57. Re3 Qf8 58. Rg3 Qg8 59. Kh3 Qf8 60. Bc2 Kg8 61. Qf5 Qd6 62. Qh7+ Kf8 63. Qxg7+ Ke7 64. Re3+ Kxd7 65. Qxf7+ Kc8 66. Bf5+ Kb8 67. Rb3+ Qb6 68. Rxb6+ Ka8 69. Qb7# 1-0

[Event "TUR-chT2"]
[Site "Konya"]
[Date "2017.07.14"]
[Round "8.4"]
[White "Oz, Irem Ezra"]
[Black "Ar, Leylahan"]
[Result "1-0"]
[WhiteElo "1604"]
[BlackElo "1095"]
[PlyCount "83"]
[EventDate "2017.07.09"]
[EventType "team-swiss"]
[EventRounds "9"]
[EventCountry "TUR"]
[SourceTitle "CBM 179 Extra"]
[Source "ChessBase"]
[SourceDate "2017.08.23"]
[SourceVersion "1"]
[SourceVersionDate "2017.08.23"]
[SourceQuality "1"]
[WhiteTeam "Cendosk Cendere Doga"]
[BlackTeam "Mezopotamya"]
[WhiteTeamCountry "TUR"]
[BlackTeamCountry "TUR"]

1. e4 e5 2. Nf3 Nc6 3. d4 exd4 4. Nxd4 d6 5. Bb5 Bd7 6. Nxc6 bxc6 7. Bc4 Nf6 8. Nc3 h6 9. 0-0 Be7 10. Bf4 0-0 11. e5 dxe5 12. Bxe5 Rb8 13. Bb3 Be6 14. Qxd8 Bxd8 15. Bxe6 fxe6 16. b3 Ng4 17. Bd4 Rb7 18. h3 Nf6 19. Na4 Be7 20. Bc5 Re8 21. Rfe1 Kf7 22. c4 Nd7 23. Bxe7 Rxe7 24. Rad1 Rb8 25. Rd2 a5 26. Red1 Ke8 27. f3 g6 28. Kf2 Rd8 29. Nc5 g5 30. Kg3 h5 31. h4 gxh4+ 32. Kxh4 e5 33. Nxd7 Rdxd7 34. Rxd7 Rxd7 35. Rxd7 Kxd7 36. Kxh5 Ke6 37. g4 Kf7 38. Kh6 Kf8 39. Kh7 Kf7 40. g5 Kf8 41. g6 Ke7 42. g7 1-0

[Event "TUR-chT2"]
[Site "Konya"]
[Date "2017.07.12"]
[Round "5.5"]
[White "Gozacik, Sema Nur"]
[Black "Oz, Irem Ezra"]
[Result "0-1"]
[WhiteElo "1156"]
[BlackElo "1604"]
[PlyCount "104"]
[EventDate "2017.07.09"]
[EventType "team-swiss"]
[EventRounds "9"]
[EventCountry "TUR"]
[SourceTitle "CBM 179 Extra"]
[Source "ChessBase"]
[SourceDate "2017.08.23"]
[SourceVersion "1"]
[SourceVersionDate "2017.08.23"]
[SourceQuality "1"]
[WhiteTeam "Hamle Adana"]
[BlackTeam "Cendosk Cendere Doga"]
[WhiteTeamCountry "TUR"]
[BlackTeamCountry "TUR"]

1. e4 c5 2. Nc3 a6 3. f4 e6 4. d3 b5 5. Qe2 Nc6 6. Nf3 Bb7 7. g3 d6 8. Bg2 Be7 9. 0-0 Nf6 10. Be3 b4 11. Nd1 Ng4 12. h3 Nxe3 13. Qxe3 0-0 14. Nf2 Qc7 15. a3 a5 16. Rfe1 bxa3 17. Rxa3 d5 18. exd5 exd5 19. Raa1 Qd6 20. c3 h6 21. Ne5 Nxe5 22. Qxe5 Qxe5 23. Rxe5 Bf6 24. Re2 Ra7 25. Kh2 Ba8 26. c4 dxc4 27. dxc4 Rb8 28. Bxa8 Raxa8 29. Ra2 Re8 30. Rxe8+ Rxe8 31. b3 Bd4 32. Ng4 f6 33. Kg2 Bc3 34. Nf2 f5 35. Nd3 Rc8 36. Rc2 Bd4 37. Ra2 Ra8 38. Ra3 Ra7 39. Ra2 Kf7 40. Kf3 Ke6 41. Ke2 g5 42. fxg5 hxg5 43. Kf3 Kd6 44. Re2 a4 45. bxa4 Rxa4 46. Rc2 Ra3 47. Ke2 Kc6 48. g4 f4 49. Kd2 f3 50. Rc1 Ra2+ 51. Ke1 f2+ 52. Kf1 Rd2 0-1

[Event "TUR-ch (Women)"]
[Site "Aksu"]
[Date "2017.03.09"]
[Round "6"]
[White "Oz, Irem Ezra"]
[Black "Cicek, Fidan"]
[Result "0-1"]
[WhiteElo "1578"]
[BlackElo "1307"]
[PlyCount "172"]
[EventDate "2017.03.06"]
[EventType "swiss"]
[EventRounds "9"]
[EventCountry "TUR"]
[SourceTitle "CBM 177 Extra"]
[Source "ChessBase"]
[SourceDate "2017.04.27"]
[SourceVersion "1"]
[SourceVersionDate "2017.04.27"]
[SourceQuality "1"]

1. e4 c5 2. Nf3 g6 3. d4 cxd4 4. Nxd4 Bg7 5. Nc3 Nc6 6. Nb3 Nf6 7. Be2 0-0 8. 0-0 d6 9. Bg5 Be6 10. Kh1 a6 11. f4 Qd7 12. Bd3 Qc7 13. f5 Bd7 14. Nd5 Qd8 15. Nxf6+ exf6 16. Bf4 Ne5 17. Qd2 Bc6 18. Nd4 Re8 19. Nxc6 Nxc6 20. c4 Ne5 21. Rad1 Qc7 22. b3 Rad8 23. Bb1 Qc6 24. h3 Qc7 25. Rf2 Qc6 26. Qb4 g5 27. Bh2 Bf8 28. Qa5 Qc5 29. Qe1 Qc6 30. Rfd2 Qc7 31. Qe3 Be7 32. Qe2 Kg7 33. h4 h6 34. Rf1 Rh8 35. Bc2 Qa5 36. Rd5 Qc7 37. Rfd1 Rhe8 38. h5 Bf8 39. R1d2 Kg8 40. Qd1 Be7 41. Bb1 Kg7 42. Bd3 Kg8 43. Be2 Kg7 44. Qc1 Kg8 45. a3 Rc8 46. Qg1 Rcd8 47. Bg3 Kg7 48. Bf2 Nd7 49. Qd1 Ne5 50. a4 Kg8 51. a5 Nd7 52. b4 Bf8 53. R2d4 Re5 54. c5 Rxd5 55. Rxd5 Ne5 56. cxd6 Rxd6 57. Bc5 Rxd5 58. Qxd5 Bxc5 59. Qxc5 Qxc5 60. bxc5 Nc6 61. Bc4 Nxa5 62. Bd5 Kf8 63. Kg1 Nc6 64. Kf2 Ke7 65. Ke3 Nd8 66. Kd3 Kd7 67. Kc4 Kc7 68. Kb4 b6 69. cxb6+ Kxb6 70. Ka4 Nb7 71. Ka3 Nd6 72. g4 Kb5 73. Kb3 a5 74. Ka3 Nc4+ 75. Ka2 Ne5 76. Kb3 a4+ 77. Ka3 Nxg4 78. Bxf7 Ne5 79. Be8+ Kc5 80. Bxa4 Kd4 81. Bc2 Nc4+ 82. Kb4 Nd2 83. Kb5 Nxe4 84. Kc6 g4 85. Bd1 g3 86. Bf3 Ke5 0-1

[Event "TUR-ch (Women)"]
[Site "Aksu"]
[Date "2017.03.07"]
[Round "3"]
[White "Aslan, Cagla Yaren"]
[Black "Oz, Irem Ezra"]
[Result "1-0"]
[WhiteElo "1853"]
[BlackElo "1578"]
[PlyCount "71"]
[EventDate "2017.03.06"]
[EventType "swiss"]
[EventRounds "9"]
[EventCountry "TUR"]
[SourceTitle "CBM 177 Extra"]
[Source "ChessBase"]
[SourceDate "2017.04.27"]
[SourceVersion "1"]
[SourceVersionDate "2017.04.27"]
[SourceQuality "1"]

1. d4 d5 2. c4 c6 3. cxd5 cxd5 4. Nc3 Nf6 5. Bf4 Nc6 6. e3 Bf5 7. Qb3 Na5 8. Qa4+ Bd7 9. Qc2 Rc8 10. Bd3 e6 11. Nf3 Be7 12. 0-0 0-0 13. Rfc1 Nc4 14. h3 Qb6 15. Rab1 h6 16. Bxc4 Rxc4 17. Ne5 Rcc8 18. Qe2 a6 19. g4 g5 20. Bg3 Bc6 21. h4 Nd7 22. hxg5 Nxe5 23. Bxe5 hxg5 24. Qc2 f5 25. Kg2 Bd7 26. Rh1 Bd6 27. gxf5 exf5 28. Rh6 Rc6 29. Rg6+ Kf7 30. Rg7+ Ke8 31. Bxd6 Rxd6 32. Rxg5 Qd8 33. Rg3 Rh8 34. Rh1 Rxh1 35. Rg8+ Ke7 36. Rxd8 1-0

[Event "TUR-ch (Women)"]
[Site "Aksu"]
[Date "2017.03.06"]
[Round "1"]
[White "Akkoyun, Olcay"]
[Black "Oz, Irem Ezra"]
[Result "0-1"]
[WhiteElo "1240"]
[BlackElo "1578"]
[PlyCount "70"]
[EventDate "2017.03.06"]
[EventType "swiss"]
[EventRounds "9"]
[EventCountry "TUR"]
[SourceTitle "CBM 177 Extra"]
[Source "ChessBase"]
[SourceDate "2017.04.27"]
[SourceVersion "1"]
[SourceVersionDate "2017.04.27"]
[SourceQuality "1"]

1. e4 c5 2. Nc3 a6 3. Nf3 e6 4. d4 cxd4 5. Nxd4 Qc7 6. g3 b5 7. Bf4 e5 8. Bxe5 Qxe5 9. f4 Qd6 10. Bh3 Nc6 11. Nf5 Qxd1+ 12. Rxd1 g6 13. Nh4 Nge7 14. 0-0 Bg7 15. e5 0-0 16. Ne4 f5 17. Nf6+ Bxf6 18. exf6 Rxf6 19. Rfe1 d5 20. b3 Bb7 21. Bg2 Rd8 22. Rd2 Rfd6 23. a4 b4 24. Bf3 d4 25. g4 Kf7 26. g5 Na5 27. Rde2 R8d7 28. Re5 Bxf3 29. Nxf3 Nac6 30. R5e2 Nd5 31. Ne5+ Nxe5 32. fxe5 Re6 33. c4 dxc3 34. a5 Nf4 35. Re3 Nd3 0-1

[Event "EU-ch U10 Girls 26th"]
[Site "Prague"]
[Date "2016.08.24"]
[Round "6"]
[White "Oz, Irem Ezra"]
[Black "Nadzamova, Viktoria"]
[Result "0-1"]
[WhiteElo "1403"]
[BlackElo "1694"]
[PlyCount "52"]
[EventDate "2016.08.18"]
[EventType "swiss"]
[EventRounds "9"]
[EventCountry "CZE"]
[SourceTitle "CBM 174 Extra"]
[Source "ChessBase"]
[SourceDate "2016.10.10"]
[SourceVersion "1"]
[SourceVersionDate "2016.10.10"]
[SourceQuality "1"]

1. e4 c5 2. Nf3 d6 3. d4 cxd4 4. Nxd4 Nf6 5. Nc3 a6 6. g3 e6 7. Bg2 Be7 8. 0-0 0-0 9. Be3 Qc7 10. f4 Nbd7 11. g4 Nb6 12. Nb3 Nc4 13. Bc1 Rd8 14. g5 Nd7 15. Qh5 b5 16. a3 Bb7 17. Rf3 Nf8 18. Rd3 Qb6+ 19. Kh1 Rac8 20. Qe2 Ng6 21. Qh5 a5 22. f5 exf5 23. exf5 Qf2 24. Nd5 Bxd5 25. Rxd5 Qe1+ 26. Bf1 Qxf1# 0-1

[Event "Corum op"]
[Site "Corum"]
[Date "2016.05.24"]
[Round "3"]
[White "Aytekin, Murat Eren"]
[Black "Oz, Irem Ezra"]
[Result "1-0"]
[WhiteElo "1899"]
[BlackElo "1463"]
[PlyCount "101"]
[EventDate "2016.05.23"]
[EventType "swiss"]
[EventRounds "9"]
[EventCountry "TUR"]
[SourceTitle "CBM 172 Extra"]
[Source "ChessBase"]
[SourceDate "2016.06.21"]
[SourceVersion "1"]
[SourceVersionDate "2016.06.21"]
[SourceQuality "1"]

1. d4 Nf6 2. c4 c5 3. d5 e6 4. Nc3 exd5 5. cxd5 d6 6. Nf3 g6 7. Bf4 a6 8. a4 Bg7 9. h3 0-0 10. e3 Ne8 11. Be2 Nd7 12. 0-0 Rb8 13. Nd2 Ne5 14. Bh2 f5 15. f4 Nf7 16. e4 Nc7 17. a5 Re8 18. exf5 gxf5 19. Bh5 Qd7 20. Nc4 Na8 21. Bxf7+ Kxf7 22. Qh5+ Kf8 23. Rae1 Nc7 24. Kh1 Bxc3 25. bxc3 Qg7 26. Nxd6 Rxe1 27. Rxe1 Bd7 28. Nxf5 Bxf5 29. Qxf5+ Qf7 30. Qxf7+ Kxf7 31. f5 Rc8 32. c4 Re8 33. Rb1 Na8 34. Rxb7+ Kf6 35. g4 h6 36. Bg3 Kg5 37. d6 Rd8 38. d7 h5 39. Bd6 Kh6 40. Be7 Rg8 41. d8Q Rxd8 42. Bxd8 hxg4 43. hxg4 Nb6 44. Rxb6+ Kg7 45. g5 Kf7 46. Rb7+ Ke8 47. g6 Kf8 48. Bf6 Ke8 49. Re7+ Kd8 50. g7 Kc8 51. g8Q# 1-0